| 000 | 00506nam a22001697a 4500 | ||
|---|---|---|---|
| 999 |
_c9142 _d9142 |
||
| 008 | 210325b ||||| |||| 00| 0 eng d | ||
| 040 | _aBMS College of Architecture | ||
| 100 | _aM, Namrata | ||
| 245 | _aCentre for silk export promotion Bangalore | ||
| 300 | _a61p. | ||
| 500 | _a1BM05AT024 | ||
| 502 |
_8B.Arch _NBMS College of Architecture, Visvesvaraya Technological University _aProject report _d2010 |
||
| 650 | _aNA | ||
| 700 |
_aK Manjula _eGuide |
||
| 700 |
_aPushpa D _eGuide |
||
| 942 |
_2ddc _cTHE |
||